Súvislosti konkurencieschopnosti

Teoretické východiská konkurencieschopnosti. Pyramídová bilancia a zdroje tvorby konkurenčnej stratégie. Manažment a organizácia v siločiarach konkurencieschopnosti. Možnosti zvyšovania konkurencieschopnosti organizácií na Slovensku.

Saved in:
Bibliographic Details
Main Author: Mihalčová, Bohuslava, 1963-
Other Authors: Socha, Luboš
Format: Book Chapter
Language:Slovak
Subjects:
Tags: Add Tag
No Tags, Be the first to tag this record!

MARC

LEADER 00000naa$a2200000$$$4500
001 0143585
005 20240502072556.9
041 0 |a slo 
044 |a SK 
245 1 0 |a Súvislosti konkurencieschopnosti  |c Bohuslava Mihalčová, Ľuboš Socha 
520 |a Teoretické východiská konkurencieschopnosti. Pyramídová bilancia a zdroje tvorby konkurenčnej stratégie. Manažment a organizácia v siločiarach konkurencieschopnosti. Možnosti zvyšovania konkurencieschopnosti organizácií na Slovensku. 
610 2 0 |a konkurencieschopnosť 
610 2 0 |a výhody konkurenčné 
610 2 0 |a výkonnosť 
610 2 0 |a stratégia podniková 
610 2 0 |a riadenie podnikové 
610 2 0 |a Slovensko 
100 1 |a Mihalčová, Bohuslava, 1963- 
700 1 |a Socha, Luboš